Дрожь по коже (Запись № 444018)

Подробности
000 -МАРКЕР
контрольное поле 01787nam0a2200409 4500
001 - ИДЕНТИФИКАТОР ЗАПИСИ
контрольное поле RU\NLR\bibl\1286116
005 - ИДЕНТИФИКАТОР ВЕРСИИ
контрольное поле 20260405132002.0
010 ## - МЕЖДУНАРОДНЫЙ СТАНДАРТНЫЙ НОМЕР КНИГИ (ISBN)
Номер (ISBN) 5-05-005494-X
021 ## - НОМЕР ГОСУДАРСТВЕННОЙ РЕГИСТРАЦИИ
Код страны российская федерация
Номер 2008-67362
Номер Листа государственной регистраци 3847
035 ## - ДРУГИЕ СИСТЕМНЫЕ НОМЕРА
Идентификатор записи (NLR Aleph) 001271838
100 ## - ДАННЫЕ ОБЩЕЙ ОБРАБОТКИ
Данные общей обработки 20081021d2009 |||y0rusy50 ca
101 0# - ЯЗЫК РЕСУРСА
Язык текста, звукозаписи и т.д. русский
-- испанский, кастильский испанский
102 ## - СТРАНА ПУБЛИКАЦИИ ИЛИ ПРОИЗВОДСТВА
Страна публикации российская федерация
-- испания
105 ## - ПОЛЕ КОДИРОВАННЫХ ДАННЫХ: ТЕКСТОВЫЕ МАТЕРИАЛЫ, МОНОГРАФИЧЕСКИЕ
Кодированные данные о монографическом текстовом документе a |||||||||
200 1# - ЗАГЛАВИЕ И СВЕДЕНИЯ ОБ ОТВЕТСТВЕННОСТИ
Основное заглавие Дрожь по коже
Параллельное заглавие Vibres todo entero
Первые сведения об ответственности Наталья Кузнецова, Игорь Кузнецов
Язык параллельного заглавия испанский, кастильский испанский
210 ## - ПУБЛИКАЦИЯ, РАСПРОСТРАНЕНИЕ И ДР.
Место издания, распространения и т.д. Мадрид
-- Москва
Имя издателя, распространителя и т. д. [б. и.]
Дата издания, распространения и т.д. 2009 [т.е. 2008]
215 ## - ФИЗИЧЕСКАЯ ХАРАКТЕРИСТИКА
Специфическое обозначение материала и объем 610 с.
Другие сведения о физической характеристике ил.
Размеры 22
225 1# - СЕРИЯ
Основное заглавие серии Путь к совершенству
Параллельное заглавие серии Camino hacia la perfeccion
300 ## - ОБЩИЕ ПРИМЕЧАНИЯ
Текст примечания Авт. также на исп. яз.: N. Kuznetsova, I. Kuznetsov
300 ## - ОБЩИЕ ПРИМЕЧАНИЯ
Текст примечания Часть текста на исп. яз.
300 ## - ОБЩИЕ ПРИМЕЧАНИЯ
Текст примечания Кн. фактически издана в 2008 г.
510 1# - ПАРАЛЛЕЛЬНОЕ ЗАГЛАВИЕ
Связь между полями z20790
Параллельное заглавие Vibres todo entero
Язык заглавия испанский, кастильский испанский
686 ## - ИНДЕКСЫ ДРУГИХ КЛАССИФИКАЦИЙ
Индекс Ш6(2=Р)75-495
686 ## - ИНДЕКСЫ ДРУГИХ КЛАССИФИКАЦИЙ
Индекс Ш6(2=Р)77исп.
700 #1 - ИМЯ ЛИЦА - ПЕРВИЧНАЯ ОТВЕТСТВЕННОСТЬ
Код отношения Автор
Материалы, к которым относится поле rus
Графика поля Латинская
Начальный элемент ввода Kuznecova
Часть имени, кроме начального элемента ввода N. I.
Дополнения к именам, кроме дат литератор, иллюстратор
Даты 1993-
Расширение инициалов личного имени Natal'ja Igorevna
Идентификатор авторитетной/нормативной записи RU\NLR\AUTH\7752901
Системный номер авторитетной/нормативной записи 35834
701 #1 - ИМЯ ЛИЦА - АЛЬТЕРНАТИВНАЯ ОТВЕТСТВЕННОСТЬ
Код отношения Автор
Материалы, к которым относится поле rus
Графика поля Кириллица
Начальный элемент ввода Кузнецов
Часть имени, кроме начального элемента ввода И. В.
Дополнения к именам, кроме дат писатель
Даты 1951-
Расширение инициалов личного имени Игорь Владимирович
Идентификатор авторитетной/нормативной записи RU\NLR\AUTH\7729442
Системный номер авторитетной/нормативной записи 12471
790 #1 - ИМЯ ЛИЦА - АЛЬТЕРНАТИВНАЯ ФОРМА
Код отношения Автор
Материалы, к которым относится поле rus
Графика поля Латинская
Начальный элемент ввода Kuznecova
Часть имени, кроме начального элемента ввода N. I.
Дополнения к именам, кроме дат литератор, иллюстратор
Даты 1993-
Расширение инициалов личного имени Natal'ja Igorevna
Идентификатор авторитетной/нормативной записи RU\NLR\auth\7752901
Системный номер авторитетной/нормативной записи 35834
790 #1 - ИМЯ ЛИЦА - АЛЬТЕРНАТИВНАЯ ФОРМА
Код отношения Автор
Материалы, к которым относится поле rus
Графика поля Латинская
Начальный элемент ввода Kuznecov
Часть имени, кроме начального элемента ввода I. V.
Дополнения к именам, кроме дат писатель
Даты 1951-
Расширение инициалов личного имени Igor' Vladimirovič
Идентификатор авторитетной/нормативной записи RU\NLR\auth\7736900
Системный номер авторитетной/нормативной записи 19889
801 #0 - ИСТОЧНИК ЗАПИСИ
Страна российская федерация
Организация NLR
Дата составления 20081021
Правила каталогизации RCR
801 #1 - ИСТОЧНИК ЗАПИСИ
Страна российская федерация
Организация NLR
Дата составления 20081021
942 ## - ДОПОЛНИТЕЛЬНЫЕ ЭЛЕМЕНТЫ ЗАПИСИ (АБИС)
Тип экземпляра АБИС Книга
980 ## - КОЛЛЕКЦИЯ
Название коллекции Национальная библиография
Экземпляры
Тип экземпляра Дата поступления Источник поступления Библиотека постоянного хранения Библиотека текущего хранения Место хранения Шифр хранения Штрих-код Статус не для выдачи
Книга 21.10.2008 Обязательный экземпляр РНБ (Московский) РНБ (Московский) Русский книжный фонд: издания с 1957 года, 9этаж 2008-5/8982 2776749  
Книга 21.10.2008 Обязательный экземпляр РНБ (Московский) РНБ (Московский) Русский книжный фонд: издания с 1957 года, 9этаж 2008-5/8982 2776750